US is top investor in the UK (Record no. 69680)

MARC details
000 -LEADER
fixed length control field 01094cam a2200217 4500
001 - CONTROL NUMBER
control field WB3809-08
008 - FIXED-LENGTH DATA ELEMENTS--GENERAL INFORMATION
fixed length control field 020305n2002 000 0 eng u
035 ## - SYSTEM CONTROL NUMBER
System control number (Sirsi) u116978
245 ## - TITLE STATEMENT
Title US is top investor in the UK
260 ## - PUBLICATION, DISTRIBUTION, ETC.
Date of publication, distribution, etc. 2002
490 ## - SERIES STATEMENT
Series statement EuroProperty
Volume/sequential designation March 2002, 6(1)
520 ## - SUMMARY, ETC.
Summary, etc. According to DTZ, the US was responsible for the highest amount of investment in the UK property market in 2001. In its annual "Foreign investments in UK commercial property" report, which examines all overseas transactions carried out in the UK over £1m. DTZ researchers found US investment topped £2.3bn in the UK last year, accounting for over 40% of all foreign investment during 2001. Ireland was second to the US accounting for over 12% or £700m of transactions. Office and retail sectors continued to dominate. http://www.dtz.com
590 ## - LOCAL NOTE (RLIN)
Local note WB
650 ## - SUBJECT ADDED ENTRY--TOPICAL TERM
Topical term or geographic name entry element DTZ
650 ## - SUBJECT ADDED ENTRY--TOPICAL TERM
Topical term or geographic name entry element FOREIGN INVESTMENT
650 ## - SUBJECT ADDED ENTRY--TOPICAL TERM
Topical term or geographic name entry element UNITED STATES
650 ## - SUBJECT ADDED ENTRY--TOPICAL TERM
Topical term or geographic name entry element UNITED KINGDOM
650 ## - SUBJECT ADDED ENTRY--TOPICAL TERM
Topical term or geographic name entry element PROPERTY TRANSACTIONS
690 ## - LOCAL SUBJECT ADDED ENTRY--TOPICAL TERM (OCLC, RLIN)
Topical term or geographic name as entry element PROPERTY-COMMERCIAL PROPERTY-COMMERCIAL PROPERTY MARKET
942 ## - ADDED ENTRY ELEMENTS (KOHA)
Suppress in OPAC 0
Holdings
Withdrawn status Lost status Source of classification or shelving scheme Damaged status Not for loan Home library Current library Shelving location Date acquired Total Checkouts Full call number Barcode Date last seen Copy number Price effective from Koha item type
    Dewey Decimal Classification     London London News article 05/03/2002   WB3809-08 116978-1001 06/08/2019 1 06/08/2019 News article